[Event "CZE-chT2D 2223"]
[Site "Czech Republic"]
[Date "2023.01.08"]
[Round "6.7"]
[White "Vodicka, Pavel"]
[Black "Pavlicek, Miroslav"]
[Result "1/2-1/2"]
[WhiteElo "1931"]
[BlackElo "1921"]
[PlyCount "51"]
[EventDate "2022.10.16"]
[EventType "team-tourn"]
[EventRounds "11"]
[EventCountry "CZE"]
[SourceTitle "EXT 2024"]
[Source "ChessBase"]
[SourceDate "2023.10.10"]
[SourceVersion "1"]
[SourceVersionDate "2023.10.10"]
[SourceQuality "1"]
[WhiteTeam "Vysoke Myto"]
[BlackTeam "Rychnov nad Kneznou Panda"]
[WhiteTeamCountry "CZE"]
[BlackTeamCountry "CZE"]

1. d4 e6 2. c4 f5 3. Nc3 Nf6 4. Nf3 Be7 5. g3 0-0 6. Bg2 d5 7. cxd5 exd5 8. Bf4 c6 9. 0-0 Nbd7 10. Rb1 Ne4 11. Qc2 Ndf6 12. b4 Bd7 13. a4 Rc8 14. Ne5 Be8 15. Nxe4 Nxe4 16. Nd3 Bf6 17. Be5 Qe7 18. Bxe4 fxe4 19. Bxf6 Rxf6 20. Ne5 Bd7 21. Qc5 Qe6 22. f4 b6 23. Qc3 Qh3 24. Qe3 Rcf8 25. Qf2 Rh6 26. Nxd7 1/2-1/2

[Event "CZE-chT2D 2223"]
[Site "Czech Republic"]
[Date "2022.11.20"]
[Round "3.8"]
[White "Pavlicek, Miroslav"]
[Black "Volf, Jaroslav"]
[Result "1-0"]
[WhiteElo "1921"]
[BlackElo "1961"]
[PlyCount "47"]
[EventDate "2022.10.16"]
[EventType "team-tourn"]
[EventRounds "11"]
[EventCountry "CZE"]
[SourceTitle "EXT 2024"]
[Source "ChessBase"]
[SourceDate "2023.10.10"]
[SourceVersion "1"]
[SourceVersionDate "2023.10.10"]
[SourceQuality "1"]
[WhiteTeam "Rychnov nad Kneznou Panda"]
[BlackTeam "Usti nad Orlici"]
[WhiteTeamCountry "CZE"]
[BlackTeamCountry "CZE"]

1. d4 Nf6 2. g3 g6 3. Bg2 d5 4. Nf3 Bg7 5. 0-0 0-0 6. c4 c6 7. cxd5 cxd5 8. Nc3 Nc6 9. Bg5 h6 10. Bxf6 Bxf6 11. e3 Bf5 12. Ne1 Be6 13. Nd3 Rc8 14. Nf4 Bg7 15. Ncxd5 Bxd5 16. Nxd5 e6 17. Nc3 Ne7 18. Qe2 b6 19. Rfc1 Qd7 20. Qb5 Rfd8 21. Qb3 Kh7 22. Rc2 Nc6 23. Rac1 Bf8 24. Ne4 1-0

[Event "CZE-chT1E 1819"]
[Site "Czech Republic"]
[Date "2019.04.07"]
[Round "11.6"]
[White "Sramek, Vojtech"]
[Black "Pavlicek, Miroslav"]
[Result "1-0"]
[WhiteElo "2169"]
[BlackElo "1984"]
[PlyCount "83"]
[EventDate "2018.10.21"]
[EventType "team-tourn"]
[EventRounds "11"]
[EventCountry "CZE"]
[SourceTitle "EXT 2020"]
[Source "ChessBase"]
[SourceDate "2019.10.17"]
[SourceVersion "1"]
[SourceVersionDate "2019.10.17"]
[SourceQuality "1"]
[WhiteTeam "Orlova Slavia"]
[BlackTeam "Rychnov nad Kneznou"]
[WhiteTeamCountry "CZE"]
[BlackTeamCountry "CZE"]

1. e4 e6 2. d4 d5 3. exd5 exd5 4. Nf3 Bg4 5. Bd3 c5 6. 0-0 Nf6 7. Re1+ Be7 8. dxc5 0-0 9. b4 a5 10. c3 axb4 11. cxb4 Nc6 12. Bd2 Nd4 13. Bc3 Nxf3+ 14. gxf3 Bh3 15. Nd2 d4 16. Bb2 Nd5 17. Bf1 Bxf1 18. Nxf1 Nxb4 19. Bxd4 Bf6 20. Bxf6 Qxf6 21. Qb3 Nc6 22. Kg2 Qg5+ 23. Ng3 h5 24. Qe3 Qg6 25. Qe4 Qg5 26. Qf5 Qxf5 27. Nxf5 Nb4 28. Re7 Rfc8 29. Rxb7 Rxc5 30. Nh6+ Kh7 31. Nxf7 Nc2 32. Rd1 Rxa2 33. Kg3 Ra3 34. h4 Rf5 35. Ng5+ Kg6 36. Rdd7 Rxg5+ 37. hxg5 Kxg5 38. Rxg7+ Kh6 39. Rgd7 Ra6 40. Rh7+ Kg6 41. Rbg7+ Kf6 42. Rc7 1-0

[Event "CZE-chT1E 1718"]
[Site "Czech Republic"]
[Date "2017.11.12"]
[Round "2.3"]
[White "Haba, Zdenek"]
[Black "Pavlicek, Miroslav"]
[Result "1/2-1/2"]
[WhiteElo "2171"]
[BlackElo "2056"]
[PlyCount "114"]
[EventDate "2017.10.22"]
[EventType "team-tourn"]
[EventRounds "11"]
[EventCountry "CZE"]
[SourceTitle "CBM 181 Extra"]
[Source "ChessBase"]
[SourceDate "2017.12.12"]
[SourceVersion "1"]
[SourceVersionDate "2017.12.12"]
[SourceQuality "1"]
[WhiteTeam "Gordic"]
[BlackTeam "Rychnov nad Kneznou"]
[WhiteTeamCountry "CZE"]
[BlackTeamCountry "CZE"]

1. d4 Nf6 2. c4 e6 3. g3 d5 4. Bg2 c6 5. Nf3 Bd6 6. Nbd2 0-0 7. 0-0 Nbd7 8. Qc2 e5 9. cxd5 cxd5 10. dxe5 Nxe5 11. Nxe5 Bxe5 12. Nf3 Bd6 13. b3 Bg4 14. Bb2 Re8 15. Qd3 Bxf3 16. Bxf3 Be5 17. Bxe5 Rxe5 18. Rac1 Rc8 19. Qd4 Rxc1 20. Rxc1 Qb8 21. Qc3 Qe8 22. Qc8 Re7 23. Qxe8+ Rxe8 24. Rc7 Rb8 25. e3 g6 26. Kf1 a6 27. Ke2 Ne4 28. a4 b6 29. Bxe4 dxe4 30. Re7 f5 31. Rc7 a5 32. h3 h5 33. f3 b5 34. fxe4 bxa4 35. bxa4 fxe4 36. Rc4 Rb2+ 37. Kf1 Rb1+ 38. Kg2 Rb2+ 39. Kg1 Rb4 40. Rd4 Kf7 41. Kf2 Ke6 42. Rxb4 axb4 43. Ke2 Kd5 44. Kd2 Kc4 45. Kc2 b3+ 46. Kb2 Kb4 47. a5 Kxa5 48. Kxb3 Kb5 49. Kc3 Kc5 50. g4 hxg4 51. hxg4 Kd5 52. Kb4 Ke5 53. Kc4 Kf6 54. Kd5 Kg5 55. Kxe4 Kxg4 56. Kd5 Kg5 57. Ke4 Kg4 1/2-1/2

[Event "CZE-chT1E 1718"]
[Site "Czech Republic"]
[Date "2017.10.22"]
[Round "1.5"]
[White "Kanakova, Natalie"]
[Black "Pavlicek, Miroslav"]
[Result "1-0"]
[WhiteElo "2117"]
[BlackElo "2056"]
[PlyCount "85"]
[EventDate "2017.10.22"]
[EventType "team-tourn"]
[EventRounds "11"]
[EventCountry "CZE"]
[SourceTitle "CBM 181 Extra"]
[Source "ChessBase"]
[SourceDate "2017.12.12"]
[SourceVersion "1"]
[SourceVersionDate "2017.12.12"]
[SourceQuality "1"]
[WhiteTeam "Frydek Mistek II"]
[BlackTeam "Rychnov nad Kneznou"]
[WhiteTeamCountry "CZE"]
[BlackTeamCountry "CZE"]

1. e4 e6 2. d4 d5 3. Nc3 dxe4 4. Nxe4 Bd7 5. Nf3 Bc6 6. Bd3 Nd7 7. 0-0 Ngf6 8. Ng3 Bd6 9. c4 0-0 10. Re1 Bb4 11. Rf1 Bd6 12. a3 Bxg3 13. hxg3 Bxf3 14. Qxf3 c5 15. Be3 cxd4 16. Bxd4 e5 17. Bc3 Qc7 18. Rfe1 Rfe8 19. b4 Rac8 20. Rac1 Qc6 21. Qe3 e4 22. Bb1 Qa6 23. Bb2 Rxc4 24. Rxc4 Qxc4 25. Qxa7 Qb3 26. Qd4 Ne5 27. Re3 Qa4 28. Bxe4 Neg4 29. Re1 Qc2 30. f3 Qc8 31. Rc1 Qb8 32. Bf5 Rd8 33. Qc5 Nh6 34. Bxf6 gxf6 35. g4 Qf4 36. Re1 Kg7 37. Qe3 Qd6 38. Bb1 Ra8 39. Qe4 Rh8 40. Qxb7 Qd4+ 41. Kh1 f5 42. Qe7 fxg4 43. Qg5+ 1-0